000 01088nam a22002657a 4500
005 20130712124658.0
010 _aB-506582-583 B-522463-483
020 _a9788131727782
_c849.00
035 _aB-506582-583 B-522463-483
037 _aKKP/Ven
037 _adpl
_bUBH/Ven
082 _a610.76
100 _aArora,K.K.
245 _aThe pearson guide to the Medical entrance examinations /
_cby K.K.Arora, N.K. Sharma [and] B.K.Trivedi
246 _a Medical entrance examinations
260 _a New Delhi
_bPearson Education
_c2012
270 _a11 Community Centre, Panchsheel Park,
_bNew Delhi
_e110017
300 _aVarious pages.
_c27cm (pbk)
_bill.
500 _a.
700 _dSharma,N.k.
700 _dTrivedi, B.K.
942 _2ddc
_cEN
_mARO
_h610.76
999 _c76084
_d76084